| 000 | 00618nam a22002057a 4500 | ||
|---|---|---|---|
| 003 | 0 | ||
| 005 | 20231107091750.0 | ||
| 008 | 231107b xxu||||| |||| 00| 0 eng d | ||
| 020 | _a978-621-406-277-5 | ||
| 050 |
_aHM 626 _b.M27 2022 |
||
| 100 | _aMagalona, Ethel | ||
| 245 |
_aTrends, networks, and critical thinking in the 21st century _cEthel Magalona |
||
| 250 | _arevised edition | ||
| 260 |
_aManila _bMindshapers Co., Inc. _cc2022 |
||
| 300 |
_axviii, 131 pages ; _c25 cm. |
||
| 504 | _aIncludes bibliographical reference. | ||
| 650 | _aHumanities. | ||
| 650 | _aSocial sciences. | ||
| 942 |
_2lcc _cBK |
||
| 999 |
_c365581 _d365581 |
||